00812pam a2200277 a 45000010005000000030006000050050017000110080041000280100017000690200018000860400023001040420009001270500023001360820017001591000019001762450046001952600041002413000046002824400030003285050007003585200090003655210018004555210018004736500032004916500011005231894FISKH20231009092001.0970812s1999 nyua b b 001 0 eng  a 97031277  a9780516264790 aDLCcDLCdDLCbeng alcac00aQC931.4b.F68 199900a551.51/82211 aFowler, Allan.10aCan you see the wind? /cby Allan Fowler. aNew York :bChildren's Press,c1999. a31 pages :bcolor illustrations ;c18 cm. 0aRookie read-about science aI  aA simple discussion of wind, the causes of air movements, and the uses of wind power.8 a430 bLexile 8 aI bRaz-Plus  0aWindsxJuvenile literature. 1aWinds.